| 000 | 00858nam a2200205 a 4500 | ||
|---|---|---|---|
| 001 | 000041161 | ||
| 005 | 20201002034652.0 | ||
| 008 | 130920s2002 sp 001 0 spa d | ||
| 020 | _a8400080580 | ||
| 040 |
_aDO-SdBNP _bspa _cBNPHU |
||
| 100 | 1 |
_aResines, Luis _967711 |
|
| 245 | 1 | 0 |
_aCatecismo del Sacromonte y Doctrina Christiana de Fr. Pedro de Feria : _bconversión y envagelización de moriscos e indios / _cLuis Resine. |
| 260 |
_aMadrid : _bConsejo Superior de Investigaciones Científicas, _c2002. |
||
| 300 |
_a406 p. ; _c25 cm. |
||
| 490 | 1 |
_aCorpus Hispanorum de pace. _aSegunda serie ; _v10 |
|
| 504 | _aIncluye referencias bibliográficas y notas al pie de las páginas | ||
| 700 | 1 |
_aPedro de Feria, _967712 |
|
| 710 | 2 |
_aConsejo Superior de Investigaciones Científicas, _94786 |
|
| 830 | 0 |
_aCorpus Hispanorum de pace. _pSegunda serie _n10 _967713 |
|
| 999 |
_c40651 _d40651 |
||